Statistics for Top 10 JetPunk Quizmakers

Click here to take the quiz!

General Stats

  • This quiz has been taken 9 times
  • The average score is 6 of 11

Answer Stats

Answer% Correct
relessness
89%
scambigol
78%
{Gamer}1162
67%
Jerry928
67%
KoljiVriVoda
67%
{Quizzer}6794
67%
kalbahamut
56%
Stewart
56%
Gassu
44%
kiwirage
33%
CBTemple
11%

Score Distribution

Percentile by Number Answered

Percent of People with Each Score

Your Score History

You have not taken this quiz